000
00335nam a2200145Ia 4500
003
OSt
005
20240320112338.0
008
170523s9999 xx 000 0 und d
020
_a
9788126524228
040
_c
IIMT UNIVERSITY MEERUT
100
_a
Balanis- C.A.
245
0
_a
Antenna Theory
260
_a
Wiley India
942
_2
ddc
_c
02
999
_c
11985
_d
11985